[Event "Schachbundesliga 2010-11"]
[Site "Wattenscheid GER"]
[Date "2011.02.05"]
[Round "8"]
[White "Brandenburg,D"]
[Black "Lubczynski,R"]
[Result "1/2-1/2"]
[WhiteElo "2519"]
[BlackElo "2419"]

1.e4 d6 2.d4 Nf6 3.Nc3 e5 4.Nf3 Nbd7 5.h3 c6 6.g4 g6 7.Bg2 Bg7 8.Be3 O-O
9.O-O Re8 10.Qd2 b5 11.a3 Bb7 12.Rad1 a5 13.dxe5 Nxe5 14.Nxe5 dxe5 15.Qxd8 Rexd8
16.Rxd8+ Rxd8 17.Bb6 Rd2 18.Bxa5 Rxc2 19.Rd1 h6 20.Rd8+ Bf8 21.Bb4 Nh7 22.Rb8 Ba6
23.Rb6 Bc8 24.Rxc6 Bd7 25.Rc7 Bxb4 26.axb4 Nf8 27.Bf1 Rxb2 28.Nd5 Kg7 29.Kg2 g5
30.Bd3 Rb3 31.Be2 Rb2 32.Bf1 Rb3 33.Be2 Rb2 34.Bd3 Rb3 35.Rc3 Rxc3 36.Nxc3 Ne6
37.Bxb5 Nf4+ 38.Kf3 Bxb5 39.Nxb5 Nd3  1/2-1/2

[Event "FSIM February"]
[Site "Budapest HUN"]
[Date "2011.02.06"]
[Round "2"]
[White "Farago,S"]
[Black "Bhakti,K"]
[Result "1/2-1/2"]
[WhiteElo "2292"]
[BlackElo "2275"]

1.e4 d6 2.d4 Nf6 3.Nc3 e5 4.Nf3 exd4 5.Nxd4 Be7 6.Be2 O-O 7.Be3 c5 8.Nb3 a6
9.a4 Nc6 10.O-O Re8 11.f3 Be6 12.Nd5 Bxd5 13.exd5 Nb4 14.Bc4 Qd7 15.c3 b5
16.cxb4 bxc4 17.Na5 Qf5 18.Nxc4 Nxd5 19.Bf2 Nf4 20.bxc5 dxc5 21.Qb1 Qg5 22.g3 Nh3+
23.Kg2 Nxf2 24.Rxf2 Rad8 25.Qc2 Bf6 26.Re2 Rxe2+ 27.Qxe2 Qd5 28.Re1 g6 29.b3 Kg7
30.Qc2 h5 31.h4 Qd3 32.Qxd3 Rxd3 33.Re3 Rd1 34.f4 Bd4 35.Re7 Rg1+ 36.Kh2 Rc1
37.Ra7 Rc2+ 38.Kh3 Rc3 39.Rxa6 Rxb3 40.Ra7 Bf2 41.Ne5 Bxg3 42.Rxf7+ Kh6 43.Kg2 Bxh4
44.Rc7 Bg3 45.Nf7+ Kg7 46.Ng5+ Kg8 47.Ne6 h4 48.Rg7+ Kh8 49.Rxg6 h3+ 50.Kxh3 Bxf4+
51.Kh4 Be3 52.Rg4 Bf2+ 53.Kg5 Kh7 54.Kf5 Rb4 55.Rg7+ Kh8 56.a5 Ra4 57.Ra7 c4
58.Ra8+ Kh7 59.Kf6 Be3 60.Rc8 Rxa5 61.Rxc4  1/2-1/2

[Event "1st Open"]
[Site "Cento ITA"]
[Date "2011.02.06"]
[Round "2"]
[White "Carletti,Davide M."]
[Black "Valenti,G"]
[Result "0-1"]
[WhiteElo "1702"]
[BlackElo "2133"]

1.e4 d6 2.d4 Nf6 3.Nc3 e5 4.Nf3 Nbd7 5.Bc4 Be7 6.O-O O-O 7.Re1 c6 8.a4 a5
9.h3 h6 10.Be3 Re8 11.Qd2 Bf8 12.Rad1 Qc7 13.Bb3 Rb8 14.Qd3 exd4 15.Bxd4 Ne5
16.Qe2 Bd7 17.Bxe5 dxe5 18.Qc4 Be6 19.Nd5 Qd8 20.Nxf6+ Qxf6 21.Qd3 Bb4 22.Rf1 Rbd8
23.Qe3 Bc8 24.c3 Be7 25.Rfe1 g5 26.Nh2 h5 27.Qf3 Qxf3 28.Nxf3 Bf6 29.Rxd8 Rxd8
30.Rd1 Rxd1+ 31.Bxd1 g4 32.hxg4 Bxg4 33.b4 Kg7 34.b5 Bg5 35.bxc6 bxc6 36.c4 Bd2
37.Kf1 Bb4 38.Be2 Kf6 39.Nh4 Be6 40.Bd3 Bc8 41.Nf3 Be7 42.Nd2 Bb4 43.Nb3 Kg5
44.Ke2 Kf4 45.g3+ Kg5 46.Ke3 Bd7 47.Bc2 Be6 48.Bd3 Bd7 49.Bc2 Be6 50.Bd3 Kg4
51.Be2+ Kh3 52.Nd2 Kg2 53.Bxh5 Bxd2+ 54.Kxd2 Kxf2 55.Kd3 c5 56.g4 f6 57.Kc3 Ke3
58.Bg6 Bxg4 59.Bf7 Bf3  0-1

[Event "ch-TUR"]
[Site "Kemer-Antalya TUR"]
[Date "2011.02.06"]
[Round "3.2"]
[White "Emiroglu,C"]
[Black "Yilmaz,M"]
[Result "0-1"]
[WhiteElo "2176"]
[BlackElo "2477"]

1.e4 d6 2.d4 Nf6 3.Nc3 e5 4.Nf3 Nbd7 5.Be2 Be7 6.O-O O-O 7.Re1 c6 8.Bf1 b5
9.a3 Bb7 10.b4 a6 11.Bb2 Re8 12.a4 Bf8 13.d5 bxa4 14.dxc6 Bxc6 15.Nd5 Rb8
16.Bxa6 Bxd5 17.exd5 Rxb4 18.Bc3 Rb8 19.Rxa4 Nc5 20.Ra1 Nxa6 21.Rxa6 Rb5
22.Qe2 Rxd5 23.Bb4 e4 24.Nd2 Qc8 25.Nf1 Rd4 26.c3 Rd3 27.Rea1 Nd5 28.Ra7 Nxc3
29.Qh5 Qe6 30.Ra8 g6 31.Qh4 Ne2+ 32.Kh1 Rxa8 33.Rxa8 Rd1 34.h3 Rxf1+ 35.Kh2 Qe5+
36.f4 exf3  0-1

[Event "ch-TUR"]
[Site "Kemer-Antalya TUR"]
[Date "2011.02.06"]
[Round "3"]
[White "Afyoncu,O"]
[Black "Unver,C"]
[Result "1/2-1/2"]
[WhiteElo "2116"]
[BlackElo "2002"]

1.e4 d6 2.d4 Nf6 3.Nc3 e5 4.Nge2 Be7 5.h3 c6 6.a4 O-O 7.g4 exd4 8.Nxd4 d5
9.e5 Nfd7 10.e6 Nc5 11.exf7+ Rxf7 12.Bg2 Nbd7 13.O-O Ne5 14.Qe2 Bd6 15.b4 Na6
16.b5 Bxg4 17.hxg4 Qh4 18.f4 Nxg4 19.Bf3 Bc5 20.Rd1 Re7 21.Ne4 Rxe4 22.Bxe4 Re8
23.Bxd5+ Kf8 24.Qd2 Bxd4+ 25.Qxd4 Qh2+ 26.Kf1 Qe2+ 27.Kg1  1/2-1/2

[Event "ch-TUR"]
[Site "Kemer-Antalya TUR"]
[Date "2011.02.06"]
[Round "3"]
[White "Guven,B"]
[Black "Sari,S"]
[Result "1-0"]
[WhiteElo "1809"]
[BlackElo "2002"]

1.e4 d6 2.d4 Nf6 3.Nc3 Nbd7 4.Nf3 c6 5.e5 Nd5 6.Nxd5 cxd5 7.e6 fxe6 8.Ng5 Nf6
9.Bb5+ Bd7 10.Bxd7+ Qxd7 11.Qe2 Ne4 12.Nxe4 dxe4 13.Qxe4 g6 14.c3 Bg7 15.Qf3 Qc6
16.Qg4 Qd5 17.O-O O-O 18.Re1 Rf5 19.Qe4 Qxe4 20.Rxe4 e5 21.d5 Rc8 22.Be3 b6
23.a4 Rc7 24.a5 b5 25.a6 e6 26.dxe6 d5 27.Rb4 d4 28.cxd4 exd4 29.Bxd4 Bf8
30.Rb3 Rd5 31.Be3 b4 32.g3 Bd6 33.Kg2 Kf8 34.h4 Ke7 35.Bb6 Ke8  1-0

[Event "Moscow Open F Women"]
[Site "Moscow RUS"]
[Date "2011.02.06"]
[Round "9.12"]
[White "Severiukhina,Z"]
[Black "Yakupova,A"]
[Result "1-0"]
[WhiteElo "2312"]
[BlackElo "2132"]

1.e4 d6 2.d4 Nf6 3.Nc3 e5 4.Nf3 Nbd7 5.Bc4 Be7 6.O-O O-O 7.Re1 a6 8.a4 b6
9.b3 Bb7 10.Bb2 c6 11.Bd3 Re8 12.Qd2 Bf8 13.Rad1 Qc7 14.Ne2 Rad8 15.Ng3 g6
16.h4 h5 17.Ng5 Bg7 18.dxe5 dxe5 19.Bc4 Rf8 20.Ba3 c5 21.Qd6 Qxd6 22.Rxd6 Ne8
23.Rxg6 b5 24.Nf5 bxc4 25.Nh6+ Kh8 26.Nhxf7+  1-0

[Event "Moscow Open F Women"]
[Site "Moscow RUS"]
[Date "2011.02.06"]
[Round "9.31"]
[White "Budueva,K"]
[Black "Verko,T"]
[Result "1-0"]
[WhiteElo "1889"]
[BlackElo "2147"]

1.e4 d6 2.d4 Nf6 3.Nc3 c6 4.f3 Nbd7 5.Be3 e5 6.Nge2 Be7 7.Ng3 g6 8.Qd2 h5
9.Be2 Qc7 10.a4 Nf8 11.Bc4 Be6 12.d5 Bd7 13.Bb3 c5 14.Bc4 O-O-O 15.Nb5 Bxb5
16.axb5 b6 17.Qc3 h4 18.Nf1 Nh5 19.Bd3 Nh7 20.Bf2 Ng5 21.h3 Nf4 22.Ne3 Kb8
23.Ra6 f5 24.Qa3 fxe4 25.Bxe4 Nxe4 26.fxe4 Rhf8 27.Nc4 Qb7 28.O-O Ne2+ 29.Kh2 Nd4
30.Qa4 Qd7 31.Ra1 Nxb5 32.Nxb6 axb6 33.Ra8+ Kc7 34.Qa7+  1-0

[Event "1st Open"]
[Site "Cento ITA"]
[Date "2011.02.07"]
[Round "3"]
[White "Korneev,O"]
[Black "Scalcione,M"]
[Result "1-0"]
[WhiteElo "2576"]
[BlackElo "2344"]

1.e4 d6 2.d4 Nf6 3.Nc3 e5 4.Nf3 Nbd7 5.Bc4 Be7 6.O-O O-O 7.a4 c6 8.Re1 h6
9.a5 a6 10.h3 Nh7 11.d5 c5 12.Bd3 Bg5 13.Nxg5 hxg5 14.Be3 f6 15.Qh5 Rf7 16.Na4 Nhf8
17.c3 g6 18.Qe2 f5 19.f3 g4 20.fxg4 f4 21.Bf2 Nh7 22.b4 cxb4 23.cxb4 f3 24.Qe3 fxg2
25.Kxg2 Ng5 26.Bh4 Rf4 27.Rf1 Qf6 28.Nc3 Nf8 29.Ne2 Bxg4 30.Nxf4 exf4 31.Bxg5 Bxh3+
32.Qxh3 Qxg5+ 33.Kh1 Rc8 34.Rac1  1-0

[Event "1st Open"]
[Site "Cento ITA"]
[Date "2011.02.08"]
[Round "4"]
[White "Brunello,M"]
[Black "Cavatorta,F"]
[Result "1-0"]
[WhiteElo "2155"]
[BlackElo "1917"]

1.e4 d6 2.d4 Nf6 3.Nc3 Nbd7 4.Nf3 e5 5.Bc4 Be7 6.O-O O-O 7.h3 c6 8.a4 b6
9.Re1 a6 10.b3 Bb7 11.Bb2 b5 12.axb5 axb5 13.Bd3 Re8 14.Ne2 Bf8 15.Ng3 g6
16.Qd2 h6 17.Nh2 Qb6 18.Rxa8 Bxa8 19.c3 Bg7 20.Kh1 exd4 21.cxd4 c5 22.e5 dxe5
23.dxe5 Nd5 24.Ng4 Kh7 25.Nh5 Rh8 26.Nxg7 Kxg7 27.e6+ N7f6 28.Nxf6 Nxf6 29.Bxf6+ Kh7
30.Bxh8  1-0

[Event "ch-TUR"]
[Site "Kemer-Antalya TUR"]
[Date "2011.02.08"]
[Round "5"]
[White "Turek,Ismet"]
[Black "Sadik,Resat"]
[Result "1/2-1/2"]
[WhiteElo "1644"]
[BlackElo "1981"]

1.e4 d6 2.d4 Nf6 3.Nc3 c6 4.Nf3 g6 5.Bd3 Bg7 6.O-O O-O 7.h3 Qc7 8.Bf4 Nh5
9.Be3 e5 10.d5 c5 11.Nb5 Qd8 12.a4 a6 13.Na3 Nd7 14.Rb1 Nf4 15.Bxf4 exf4
16.Qd2 Qf6 17.Rfe1 h5 18.a5 g5 19.Nc4 Re8 20.Nh2 Qh6 21.f3 Qf6 22.c3 Nf8
23.Rec1 Bd7 24.Nb6 Rad8 25.Qe2 Ng6 26.Nc4 Bb5 27.Nb6 Bxd3 28.Qxd3 Ne5 29.Qe2 Bh6
30.Re1 Qg6 31.b4 Bg7 32.bxc5 dxc5 33.Rbc1  1/2-1/2

[Event "Aeroflot Open A"]
[Site "Moscow RUS"]
[Date "2011.02.08"]
[Round "1"]
[White "Vachier Lagrave,M"]
[Black "Bocharov,D"]
[Result "1/2-1/2"]
[WhiteElo "2715"]
[BlackElo "2605"]

1.e4 d6 2.d4 Nf6 3.Nc3 e5 4.Nf3 Nbd7 5.Bc4 Be7 6.O-O O-O 7.a4 c6 8.Re1 exd4
9.Nxd4 Ne5 10.Ba2 Re8 11.h3 Bd7 12.Bf4 Qa5 13.Bb3 Rad8 14.Qd2 Ng6 15.Bh2 Bf8
16.Nf3 Be6 17.Nd5 Qxd2 18.Nxf6+ gxf6 19.Nxd2 f5 20.exf5 Bxf5 21.Rxe8 Rxe8
22.Nc4 Rd8 23.Re1 d5 24.Ne3  1/2-1/2

[Event "Aeroflot Open B"]
[Site "Moscow RUS"]
[Date "2011.02.08"]
[Round "1"]
[White "Nakhapetiane,P"]
[Black "Kochetkova,J"]
[Result "1-0"]
[WhiteElo "2469"]
[BlackElo "2311"]

1.e4 d6 2.d4 Nf6 3.Nc3 e5 4.Nf3 Nbd7 5.Bc4 Be7 6.O-O O-O 7.a4 a6 8.Re1 b6
9.Bg5 Bb7 10.Qd2 c6 11.Rad1 b5 12.Ba2 b4 13.Nb1 a5 14.dxe5 Nxe5 15.Nxe5 dxe5
16.Qe2 Qc7 17.Nd2 h6 18.Bh4 Nh7 19.Bg3 Bc5 20.Nc4 Rae8 21.Rd2 Ba6 22.Red1 Qe7
23.Qd3 Nf6 24.Bb3 Nh5 25.Qf3 Nxg3 26.hxg3 Bxc4 27.Bxc4 Qg5 28.Rd7 Re7 29.Rd8 Ra7
30.Rxf8+ Bxf8 31.Bb3 Bc5 32.Qd3 Qf6 33.Qd8+ Qxd8 34.Rxd8+ Kh7 35.Bc4 Bb6
36.Rd6 Bd4 37.b3 Rc7 38.Kf1 g6 39.Ke2 h5 40.Rd8 Kg7 41.f4 h4 42.gxh4 Bc5
43.fxe5 Re7 44.e6 fxe6 45.Rc8 Bd4 46.Rxc6 e5 47.g4 Rd7 48.Bd5 Bg1 49.g5 Bd4
50.Kf3 Bg1 51.Kg4 Bd4 52.h5 gxh5+ 53.Kxh5 Be3 54.Kg4 Bd4 55.Kf5 Ra7 56.Rg6+ Kh7
57.Rg8 Bf2 58.g6+ Kh6 59.Rh8+ Kg7 60.Rh7+  1-0

[Event "Aeroflot Open B"]
[Site "Moscow RUS"]
[Date "2011.02.08"]
[Round "1"]
[White "Hernandez,Alex"]
[Black "Delemarre,J"]
[Result "1/2-1/2"]
[WhiteElo "2285"]
[BlackElo "2455"]

1.e4 d6 2.d4 Nf6 3.Nc3 c6 4.a4 Qc7 5.Nf3 Bg4 6.Be2 e5 7.Be3 Nbd7 8.O-O Be7
9.Nd2 Bxe2 10.Qxe2 O-O 11.Nc4 Rfe8 12.dxe5 dxe5 13.f3 Nf8 14.Qf2 b6 15.Rfd1 Ne6
16.Ne2 Red8 17.g3 Rxd1+ 18.Rxd1 b5 19.Nd2 bxa4 20.Nc4 Rb8 21.c3 Rb5 22.Ra1 Nc5
23.Nc1 Nfd7 24.Kh1 Qd8 25.Qc2 Nb6 26.Nxb6 axb6 27.c4 Ra5 28.Bxc5 Bxc5 29.Nd3 Qa8
30.Nxc5 bxc5 31.Ra3 f6 32.Qd1 Ra7 33.Rd3 Qb7 34.Rd8+ Kf7 35.Qd6 Kg6 36.Qe6 Qxb2
37.Qg4+ Kh6 38.Qh4+ Kg6  1/2-1/2

[Event "Aeroflot Open B"]
[Site "Moscow RUS"]
[Date "2011.02.08"]
[Round "1"]
[White "Lu Shanglei"]
[Black "Kunin,V"]
[Result "1/2-1/2"]
[WhiteElo "2416"]
[BlackElo "2548"]

1.e4 d6 2.d4 Nf6 3.Nc3 e5 4.dxe5 dxe5 5.Qxd8+ Kxd8 6.Be3 Bd6 7.Bc4 Be6 8.Bxe6 fxe6
9.Nf3 Ke7 10.Nd2 a6 11.f3 Nc6 12.Nb3 h6 13.O-O-O g5 14.g4 Nd8 15.h4 Nf7 16.Na5 Rab8
17.a3 Rhc8 18.Na4 Ke8 19.hxg5 hxg5 20.c4 Be7 21.Kb1 c5 22.Nb6 Rc7 23.Rh2 Nd7
24.Nxd7 Rxd7 25.Rxd7 Kxd7 26.Rh7 Ke8 27.Kc2 Bf8 28.Nb3 b6 29.Nc1 a5 30.Nd3 Rd8
31.Nf2 Be7 32.Rg7 Bf6 33.Rg8+ Kd7 34.Rxd8+ Bxd8 35.Nd3 Kc6 36.b4 axb4 37.axb4 Be7
38.Kb3 Bd6 39.Ka4 Be7 40.bxc5 bxc5 41.Ka5 Bd8+ 42.Ka6 Be7 43.Bd2 Bd6 44.Bc3 Bb8
45.Ba5 Bd6 46.Bb6 Be7 47.Ba5 Bd6 48.Bd2 Be7 49.Be1 Bd6 50.Bc3 Bb8 51.Nc1 Bd6
52.Nb3 Be7 53.Na5+ Kc7 54.Nb7 Kc6 55.Ba5 Bf6 56.Bb6 Be7 57.Ba7 Bf8 58.Bb8 Be7
59.Na5+ Kd7 60.Kb7 Nh8 61.Bxe5 Ng6 62.Nc6 Nh4 63.Bg3 Bd6 64.e5 Bf8 65.f4 Ng2
66.fxg5 Ne3 67.Na5 Nxg4 68.Kb6 Bg7 69.Nc6 Bf8 70.Kb5 Ne3 71.Bf2 Nd1 72.Be1 Ne3
73.Bd2 Nc2 74.Bc1 Ne1 75.g6 Nf3 76.Be3 Nh4 77.Bxc5 Nxg6 78.Bd4 Kc7 79.c5 Bg7
80.Bc3 Bh8 81.Be1 Bg7 82.Bd2 Kb7 83.Bc3 Kc7 84.Bb2 Bh8 85.Bc1 Kb7 86.Bb2 Kc7
87.Bc3 Bg7 88.Ba5+ Kc8 89.Na7+ Kb7 90.Bb6 Nxe5 91.c6+ Nxc6 92.Nxc6 Kc8 93.Bd4 Bxd4
94.Nxd4 Kd7 95.Nxe6 Kxe6  1/2-1/2

[Event "1st Open"]
[Site "Cento ITA"]
[Date "2011.02.09"]
[Round "5"]
[White "Gioga,M"]
[Black "Valenti,G"]
[Result "0-1"]
[WhiteElo "1682"]
[BlackElo "2133"]

1.e4 d6 2.d4 Nf6 3.Nc3 e5 4.dxe5 dxe5 5.Qxd8+ Kxd8 6.Bc4 Ke8 7.Nf3 Nbd7 8.Ng5 h6
9.Nxf7 Rg8 10.f4 Bb4 11.Nxe5 Rf8 12.Ng6 Nxe4 13.Nxf8 Kxf8 14.Bd2 Nxd2 15.Kxd2 Nf6
16.Bd3 Bd7 17.a3 Bd6 18.g3 Bc6 19.Rhe1 Rd8 20.Kc1 a6 21.Ne4 Bxe4 22.Bxe4 Re8
23.b4 Nxe4 24.Kb2 Be7 25.Rad1 Bf6+ 26.Kb3 b5 27.Rf1 Nc3 28.Rd3 Na4 29.Rdf3 Nb6
30.Rd3 Nc4 31.g4 Kg8 32.Rg1 g6 33.g5 hxg5 34.fxg5 Bg7 35.Rg2 Re1 36.Rd8+ Kh7
37.c3 Be5 38.Rf2 Re3 39.Rd7+ Bg7 40.Rc2 c6 41.Rc7 Ne5 42.Ra7 Nf3 43.h4 Nd4+
44.Kb2 Nxc2 45.Kxc2 Rxc3+ 46.Kb2 c5 47.Rxa6 cxb4 48.axb4 Rc6+  0-1

[Event "1st Open"]
[Site "Cento ITA"]
[Date "2011.02.09"]
[Round "5"]
[White "Korneev,O"]
[Black "Solomon,K"]
[Result "1/2-1/2"]
[WhiteElo "2576"]
[BlackElo "2425"]

1.e4 d6 2.d4 Nf6 3.Nc3 e5 4.Nf3 Nbd7 5.Bc4 Be7 6.O-O O-O 7.Re1 a6 8.a4 b6
9.b3 Bb7 10.d5 h6 11.Bd3 a5 12.Ba3 g6 13.b4 axb4 14.Bxb4 Kg7 15.Nd2 c6 16.dxc6 Bxc6
17.Bc4 Nb8 18.Bb3 Na6 19.Ba3 Qc7 20.Nc4 Rad8 21.Nb5 Bxb5 22.axb5 Nc5 23.Bxc5 Qxc5
24.Ra7 Rd7 25.Rxd7 Nxd7 26.Ne3 Nf6 27.Nd5 Nxd5 28.Qxd5 Qxd5 29.Bxd5 Bg5 30.Ra1 Bd2
31.Ra6 Ba5 32.Kf1 f5 33.Ra7+ Kf6 34.Rb7 fxe4 35.Bxe4 Rc8 36.Bc6 Rf8 37.Ke2 Rf7
38.Rb8 Kg7 39.Bd5 Rf4 40.Rb7+ Kf8 41.c4 h5 42.g3 Rf6 43.h4 Rf5 44.f3 Rf6
45.g4 Rf4 46.g5 Rxh4 47.Rf7+ Ke8 48.Rf6 Rh2+ 49.Kf1 Bc3 50.Rxg6 Bd4 51.Rh6 Rf2+
52.Ke1 Rg2 53.Rxh5 Be3 54.Rh6 Rxg5 55.Rxd6 Bd4 56.Ke2 Rg1 57.f4 Ke7 58.Re6+ Kd7
59.fxe5 Rg3 60.Rd6+ Ke7 61.Re6+ Kd7 62.Kd2 Bc3+ 63.Kc2 Bd4 64.Rd6+ Ke7 65.Rh6 Rc3+
66.Kb1 Rb3+ 67.Ka2 Re3 68.Rh7+ Kd8 69.e6 Bc5 70.Rd7+ Kc8 71.Kb2 Ba3+ 72.Kc2 Bb4
73.Ra7 Rc3+ 74.Kd1 Re3 75.Ra4 Bc5 76.Ra8+ Kc7 77.Kd2 Re5 78.Ra7+ Kd8 79.Ra8+ Kc7
80.Ra7+ Kd8 81.Rd7+ Kc8 82.Rh7 Kd8 83.Rf7 Kc8 84.Bc6 Kd8 85.Rd7+ Kc8 86.Rh7 Kd8
87.Rh8+ Kc7 88.Rh7+ Kd8 89.Bd7 Kc7 90.Rh8 Kd6 91.Rc8 Ke7 92.Rc6 Kd8 93.Rc8+ Ke7
94.Kd3 Re3+ 95.Kd2 Re5 96.Kd3 Re3+ 97.Kd2 Re5 98.Kd3  1/2-1/2

[Event "1st Open"]
[Site "Cento ITA"]
[Date "2011.02.09"]
[Round "5"]
[White "Dvirnyy,D"]
[Black "Scalcione,M"]
[Result "1-0"]
[WhiteElo "2480"]
[BlackElo "2344"]

1.e4 d6 2.d4 Nf6 3.Nc3 e5 4.Nge2 c6 5.a4 Be7 6.g3 h5 7.h3 h4 8.g4 Qa5 9.Bg2 Na6
10.Bd2 Qc7 11.O-O Qd7 12.f4 g5 13.fxe5 dxe5 14.dxe5 Bc5+ 15.Kh1 Nxg4 16.hxg4 Qxg4
17.Qc1 Be6 18.Be3 Qh5 19.Bxc5 Nxc5 20.Qe3 Nd7 21.Nd5 cxd5 22.exd5 h3 23.Bf3 Bg4
24.Ng3 Qh4 25.Bxg4 Qxg4 26.e6 fxe6 27.dxe6 Nf8 28.Qe5 Rh7 29.Qb5+ Ke7 30.Qc5+ Kxe6
31.Rae1+  1-0

[Event "1st Open"]
[Site "Cento ITA"]
[Date "2011.02.09"]
[Round "5"]
[White "Bossoni,M"]
[Black "Molina,Fa"]
[Result "1/2-1/2"]
[WhiteElo "1952"]
[BlackElo "2236"]

1.e4 d6 2.d4 Nf6 3.Nc3 Nbd7 4.Nf3 e5 5.g4 Nxg4 6.Rg1 Ngf6 7.Bc4 h6 8.Be3 c6
9.Bb3 b5 10.a3 Qa5 11.Bd2 Qc7 12.Qe2 Bb7 13.O-O-O a6 14.dxe5 dxe5 15.Nh4 Nc5
16.Ba2 O-O-O 17.f3 Kb8 18.Qf2 Ne6 19.Bxe6 fxe6 20.Be3 Rxd1+ 21.Rxd1 Nd7 22.Ng6 Rg8
23.Nxe5 Qxe5 24.Rxd7 c5 25.Qd2 g5 26.f4 Qf6 27.Rd8+ Ka7 28.e5 Qf5 29.Nxb5+ Kb6
30.Nd6 Qh3 31.Rb8 Qf1+ 32.Qd1 Qxd1+ 33.Kxd1 gxf4 34.Rxb7+ Kc6 35.Bxf4 Bxd6
36.Rh7 Bf8 37.Bg3 Bg7 38.Ke2 Kd5 39.Kd3 c4+ 40.Ke3 Bf8 41.Rd7+ Kc6 42.Rh7 Kd5
43.Rd7+ Kc6 44.Rh7  1/2-1/2

[Event "1st Open"]
[Site "Cento ITA"]
[Date "2011.02.10"]
[Round "6"]
[White "Sorbera,G"]
[Black "Damia,A"]
[Result "0-1"]
[WhiteElo "2135"]
[BlackElo "2360"]

1.e4 d6 2.d4 Nf6 3.Nc3 Nbd7 4.g4 h6 5.Be3 c6 6.f3 e5 7.d5 Nb6 8.Qd2 cxd5
9.Bb5+ Bd7 10.Bxd7+ Kxd7 11.exd5 Nc4 12.Qd3 Nxe3 13.Qxe3 Be7 14.Qd3 Rc8 15.Nge2 Qb6
16.a4 e4 17.fxe4 Nxg4 18.Qb5+ Qxb5 19.axb5 Bh4+ 20.Ng3 Nxh2 21.Kf2 Ng4+ 22.Kg2 Ne3+
23.Kf3 Bxg3 24.Rxa7 Kc7 25.Kxg3 Ra8 26.Ra4 Rxa4 27.Nxa4 Nc4 28.b3 Ne5 29.b6+ Kd7
30.Rh5 f6 31.Rf5 Ke7 32.c4 Nd7 33.b4 Ra8 34.e5 Rxa4 35.e6 Rxb4 36.exd7 Rxc4
37.Rf3 Kxd7 38.Ra3 Rb4 39.Ra8 Ke7 40.Rc8 Rxb6 41.Rc7+ Kf8 42.Kf4 Rb5  0-1

[Event "Aeroflot Open B"]
[Site "Moscow RUS"]
[Date "2011.02.10"]
[Round "3"]
[White "Lu Yijie"]
[Black "Kabanov,N"]
[Result "1/2-1/2"]
[WhiteElo "2311"]
[BlackElo "2482"]

1.e4 d6 2.d4 Nf6 3.Nc3 e5 4.Nf3 Nbd7 5.Bc4 Be7 6.O-O O-O 7.a4 a6 8.a5 exd4
9.Qxd4 Ng4 10.Nd5 Nge5 11.Be2 Re8 12.b4 Bf8 13.Bb2 c6 14.Ne3 c5 15.bxc5 Nc6
16.Qd5 Nxc5 17.Ng5 Be6 18.Nxe6 fxe6 19.Qa2 Nxe4 20.Bh5 g6 21.Bf3 Nc5 22.Ng4 Bg7
23.Bxg7 Kxg7 24.Rad1 h5 25.Qa1+ e5 26.Bxc6 bxc6 27.Nxe5 Qf6 28.Nxc6 Qxa1
29.Rxa1 Rac8 30.Nb4 Re4 31.c3 Rc4 32.Ra3 Ne4 33.Nxa6 Nxc3 34.Re1 Ra8 35.Re7+ Kh6
36.Rc7 Rd4 37.Ra1 Rxa6 38.Rxc3 Rxa5 39.Rcc1 Rxa1  1/2-1/2

[Event "1st Open"]
[Site "Cento ITA"]
[Date "2011.02.11"]
[Round "7"]
[White "Lapenna,A"]
[Black "Scalcione,M"]
[Result "0-1"]
[WhiteElo "2137"]
[BlackElo "2344"]

1.d4 d6 2.e4 Nf6 3.Nc3 c6 4.g3 b5 5.a3 Bb7 6.Bg2 Nbd7 7.Nge2 a5 8.e5 dxe5
9.dxe5 Nxe5 10.Qxd8+ Rxd8 11.Nxb5 Nd5 12.Nbc3 e6 13.O-O Bc5 14.Ne4 Bb6 15.b3 Ba6
16.c4 a4 17.Bb2 f6 18.Bd4 Bxd4 19.Nxd4 Nc7 20.Rfd1 axb3 21.Nxb3 Bxc4 22.Na5 Bd5
23.f4 Ng4 24.Rdc1 f5 25.Nxc6 fxe4 26.Nxd8 Kxd8 27.Re1 Nf6 28.g4 Nxg4 29.Bxe4 Nf6
30.Bxd5 Nfxd5 31.Re4 Kd7 32.a4 Ra8 33.a5 g6 34.Kg2 Na6 35.Kg3 Rc8 36.Ra3 Rc2
37.h3 Kd6 38.Kh4 h6 39.Kg3 Nc5 40.Rd4 Na6 41.Re4 Nc5 42.Rd4 e5 43.fxe5+ Kxe5
44.Rg4 Ne4+ 45.Kh4 Nf4 46.Rxg6 Nxg6+ 47.Kh5 Nf4+ 48.Kxh6 Rg2 49.Re3 Kf5  0-1

[Event "ch-TUR"]
[Site "Kemer-Antalya TUR"]
[Date "2011.02.11"]
[Round "8.3"]
[White "Erdogdu,M"]
[Black "Yilmaz,M"]
[Result "1/2-1/2"]
[WhiteElo "2417"]
[BlackElo "2477"]

1.e4 d6 2.d4 Nf6 3.Nc3 e5 4.Nf3 Nbd7 5.Bc4 Be7 6.O-O O-O 7.Re1 c6 8.a4 b6
9.b3 a6 10.Bb2 Rb8 11.Bd3 Re8 12.Ne2 Bf8 13.Ng3 b5 14.Qd2 g6 15.axb5 axb5
16.c4 bxc4 17.Bxc4 d5 18.dxe5 dxc4 19.exf6 Rxb3 20.Bc3 Nc5 21.Nd4 Rb7 22.Rad1 Rd7
23.Qe3 Bb7 24.f3 Nd3 25.Rxd3 cxd3 26.Ndf5 Re6 27.Rd1 Ba6 28.h4 Qb8 29.h5 Qa7
30.hxg6 Qxe3+ 31.Nxe3 fxg6 32.e5 Bc5 33.Kf2 Bd4 34.Bxd4 Rxd4 35.Ra1 Bb7 36.Rb1 Rd7
37.f4 g5 38.Ne4 gxf4 39.Nc4 d2 40.Nexd2 c5 41.Rb5 Ra6  1/2-1/2

[Event "Aeroflot Open A"]
[Site "Moscow RUS"]
[Date "2011.02.11"]
[Round "4"]
[White "Vocaturo,D"]
[Black "Nechepurenko,R"]
[Result "0-1"]
[WhiteElo "2570"]
[BlackElo "2546"]

1.e4 d6 2.d4 Nf6 3.Nc3 e5 4.Nf3 Nbd7 5.Bc4 Be7 6.O-O c6 7.a4 Qc7 8.Re1 h6
9.b3 Nf8 10.Bb2 Ng6 11.h3 O-O 12.Qd2 Re8 13.Rad1 a6 14.d5 b5 15.Bf1 b4 16.Na2 cxd5
17.exd5 a5 18.c3 Bb7 19.c4 Nd7 20.Bd3 Ngf8 21.Nc1 Nc5 22.Bc2 Bf6 23.Re2 Nfd7
24.Rde1 Kf8 25.h4 Nb6 26.Ba1 Rac8 27.g4 Bd8 28.g5 Qd7 29.Nh2 hxg5 30.hxg5 Ncxa4
31.bxa4 Nxc4 32.Qd3 Bxg5 33.Qf3 Bf4 34.Nb3 Nb6 35.Rd1 Rxc2 36.Rxc2 Qf5 37.Qd3 Qg5+
38.Kh1 Bxd5+ 39.f3 e4 40.Qf1 exf3 41.Rxd5 Nxd5 42.Bd4 Qh4 43.Bg1 Ne3 44.Bxe3 Rxe3
45.Nd4 Re1 46.Rc8+ Ke7 47.Nf5+ Kd7 48.Nxh4 Rxf1+ 49.Nxf1 Kxc8 50.Nxf3 b3
51.N1d2 Bxd2 52.Nxd2 b2 53.Kg2 g5 54.Kf3 Kd7 55.Ke4 g4 56.Kd3 g3 57.Kc2 g2
58.Nf3 Kc6 59.Kxb2 Kd5 60.Kc3 Ke4 61.Ng1 Ke3 62.Kc4 f5  0-1

[Event "TCh-CAT Div Hon"]
[Site "Barcelona ESP"]
[Date "2011.02.12"]
[Round "3"]
[White "Gual Pascual,A"]
[Black "Baron Isanta,J"]
[Result "1-0"]
[WhiteElo "2449"]
[BlackElo "2363"]

1.d4 d6 2.e4 Nf6 3.Nc3 c6 4.Bg5 Qb6 5.Qd2 Qxb2 6.Rb1 Qa3 7.Nf3 h6 8.Bxf6 exf6
9.Bc4 Qa5 10.O-O Be7 11.Qe3 O-O 12.Ne2 Nd7 13.Nf4 Nb6 14.Bd3 Re8 15.c4 Bd8
16.Qc1 Rb8 17.Rb3 Bg4 18.Nd2 Bd7 19.Bb1 Nc8 20.Rg3 Ne7 21.Nb3 Qc7 22.Nh5 Ng6
23.f4 f5 24.exf5  1-0

[Event "ch-SRB"]
[Site "Kragujevac SRB"]
[Date "2011.02.12"]
[Round "12"]
[White "Lukovic,V"]
[Black "Tadic,Br"]
[Result "0-1"]
[WhiteElo "2234"]
[BlackElo "2518"]

1.e4 d6 2.d4 Nf6 3.Nc3 Nbd7 4.Nf3 e5 5.Bc4 Be7 6.O-O O-O 7.dxe5 dxe5 8.Bg5 c6
9.a4 h6 10.Bxf6 Bxf6 11.Ne2 Qb6 12.b3 Rd8 13.Ng3 Qc5 14.Qe2 Nb6 15.Bd3 a5
16.Rad1 Be6 17.Qe3 Qxe3 18.fxe3 Nd7 19.Rd2 Be7 20.Be2 Bb4 21.Rd3 Re8 22.Rdd1 g6
23.Ne1 Bc5 24.Kf2 f5 25.exf5 gxf5 26.Nh5 f4 27.Bc4 Bxe3+ 28.Ke2 Nb6 29.Nf6+ Kf8
30.Nxe8 Bg4+ 31.Nf3 Rxe8 32.h3 Bf5 33.Rd6 Kg7 34.Nh4 Bh7 35.Re6 Rxe6 36.Bxe6 Kf6
37.Bc4 Nxc4 38.bxc4 Bxc2 39.g3 Bxa4 40.Ng2 Bd4 41.gxf4 e4 42.Ne3 Bb3 43.Rb1 a4
44.Kd2 b5 45.cxb5 cxb5 46.Nc2 Bxc2 47.Kxc2 a3 48.Kb3 b4 49.Rd1 Bc3 50.Rd8 Ke7
51.Rc8 Ke6 52.Re8+ Kf5 53.Rf8+ Bf6 54.Ra8 Kxf4 55.Rf8 Kf5 56.Re8 Bd4 57.Rf8+ Ke5
58.Re8+ Kf4 59.Rf8+ Kg3 60.Rd8 e3 61.Re8 Kf3 62.Rf8+ Ke4  0-1

[Event "Aeroflot Open B"]
[Site "Moscow RUS"]
[Date "2011.02.12"]
[Round "5"]
[White "Karpatchev,A"]
[Black "Kochetkova,J"]
[Result "1/2-1/2"]
[WhiteElo "2474"]
[BlackElo "2311"]

1.e4 d6 2.d4 Nf6 3.Nc3 e5 4.Nf3 Nbd7 5.Bc4 Be7 6.O-O O-O 7.Re1 a6 8.a4 b6
9.Ba2 Bb7 10.Qd3 h6 11.h3 exd4 12.Nxd4 Ne5 13.Qe2 Kh8 14.Bf4 Ng6 15.Bg3 Qd7
16.Rad1 Rae8 17.Qf3 Bd8 18.Nf5 Nh7 19.Qg4 Nf6 20.Qf3 Nh7 21.Bxd6 cxd6 22.Nxd6 Ng5
23.Qf5 Qe7 24.Nxe8 Qxe8 25.Bd5 Ne7 26.Qe5 Bc8 27.Bb3 Ne6 28.Nd5 Nc6 29.Qd6 b5
30.axb5 axb5 31.Re3 Bb7 32.Red3 Na5 33.Ba2 Kg8 34.Qb8 Nc5 35.Re3 Nc4 36.Bxc4 bxc4
37.Qd6 Ne6 38.Qb4 Qc6 39.Rc3 Ba6 40.b3 Ng5 41.e5 Re8 42.bxc4 Ne4 43.Re3 Bxc4
44.Nc3 Nxf2 45.Rd6 Qc8 46.Kxf2 Qf5+ 47.Kg1 Qf1+ 48.Kh2 Qf4+ 49.Rg3 Bh4 50.Rd3 Bxg3+
51.Rxg3 h5 52.Nd5 Qxe5 53.Qxc4 h4 54.Qxh4 Qxd5 55.c4 Qe5 56.Qg5 Qd4 57.Rg4 Qc3
58.Qh5 g6 59.Qd5 Qf6 60.Qg5 Qa1 61.Qd5 Qf6 62.c5 Re1 63.c6 Re5 64.Qd7 Rc5
65.Qe8+ Kg7  1/2-1/2

[Event "Aeroflot Open B"]
[Site "Moscow RUS"]
[Date "2011.02.12"]
[Round "5"]
[White "Lu Yijie"]
[Black "Rogozenco,D"]
[Result "0-1"]
[WhiteElo "2311"]
[BlackElo "2534"]

1.e4 d6 2.d4 Nf6 3.Nc3 e5 4.Nf3 Nbd7 5.Bc4 Be7 6.O-O O-O 7.a4 a5 8.Re1 c6
9.h3 h6 10.Ba2 Re8 11.Be3 Qc7 12.Qd2 Nf8 13.Rad1 Bd8 14.Nh4 N6h7 15.Nf5 Bxf5
16.exf5 exd4 17.Bxd4 Rxe1+ 18.Rxe1 d5 19.Nd1 Qd7 20.Ne3 Bf6 21.Rd1 Bxd4 22.Qxd4 Nf6
23.c4 dxc4 24.Qc5 Qe8 25.Nxc4 Qe2 26.Qd4 Re8 27.Nd6 Re7 28.Bc4 Qh5 29.Qd3 N8d7
30.g4 Qh4 31.Qb3 Nd5 32.Bxd5 cxd5 33.Rxd5 Re2 34.Qf3 Qe7 35.Nc8 Qe8 36.Nd6 Qe7
37.Nc8 Qe8 38.Qd3 Re1+ 39.Kg2 Ne5 40.Qd2 Rg1+  0-1